000 00593nam a2200241Ia 4500
003 OSt
005 20220924150215.0
006 a|||||r|||| 00| 0
007 ta
008 220923b |||||||| |||| 00| 0 tel d
020 _c30.00
024 _a332276
037 _cTextual
040 _aARTS
_cARTS
_btel
041 _2tel
_atel
082 _a035,1:g, M2
100 _aRao Bhoopala Au.
_9221513
245 0 _aMahamantri madanna
260 _c1982
650 _aTELUGU LITERATURE
942 _h035,1:g, M2
_cTEXL
_2CC
999 _c462557
_d462557